000 01247nam a2200337 i 4500
003 EG-GICUC
005 20260430124747.0
008 260430t2018 ua ||||fr|||| 000 0 ara d
017 _a2018/1649
020 _a978-977-90-5227-4
040 _a EG-GICUC
_bara
_c EG-GICUC
_d EG-GICUC
_erda
041 0 _aara
082 0 4 _221
_a345.2460531
_bال . م
092 0 4 _221
099 _aLaw1 07 345.2460531 ا ل . م 2018
100 0 _aالسيد أبو عطية.
_eمؤلف.
245 1 2 _aالمرافعات أمام مجلس الدولة السعودي الجديد /
_cالسيد أبو عطية.
250 _aالطبعة الأولى.
264 1 _aالقاهرة :
_bدار النهضة العربية،
_c2018.
264 1 _aالإمارات :
_bدار النهضة العلمية،
_c2018.
300 _a470 صفحة، صفحات غير مرقمة ؛
_c24 سم.
336 _2rda content
_atext
337 _2rda media
_aComputer
338 _2rda carrier
_aOnline Resource
546 _aالنص باللغة العربية
650 1 _aمجلس الدولة كهيئة معاونة
_2qrmak
651 1 _2qrmak
856 4 0 _uhttps://fll.law.cu.edu.eg/fulltext/bks/B07-04880.pdf
905 _a62
942 _2ddc
_n0
_cBK
_e21
999 _c74510
_d74510